Online
Catalog

La poesía de Fray Luis de León. / (Record no. 2591)

MARC details
000 -CABECERA
campo de control de longitud fija 00782cam a2200205 a 4500
001 - NÚMERO DE CONTROL
campo de control 000002757
005 - FECHA Y HORA DE LA ÚLTIMA TRANSACCIÓN
campo de control 20200929150242.0
008 - DATOS DE LONGITUD FIJA--INFORMACIÓN GENERAL
campo de control de longitud fija 840222s1970 sp 001 pbspa
040 ## - FUENTE DE LA CATALOGACIÓN
Centro catalogador/agencia de origen DO-SdBNP
Centro/agencia transcriptor CarP
Centro/agencia modificador DLC
082 ## - NÚMERO DE LA CLASIFICACIÓN DECIMAL DEWEY
Número de clasificación 861.3
Número de documento/Ítem L579p
100 1# - ENTRADA PRINCIPAL--NOMBRE DE PERSONA
Nombre de persona Leon, Luis de, Fray
Fechas asociadas al nombre 1527-1591
9 (RLIN) 8685
245 13 - MENCIÓN DE TÍTULO
Título La poesía de Fray Luis de León. /
Mención de responsabilidad, etc. Fray Luis de León ; Introducción, edición crítica y comentario de, Oreste Macrí.
260 ## - PUBLICACIÓN, DISTRIBUCIÓN, ETC.
Lugar de publicación, distribución, etc. Salamanca :
Nombre del editor, distribuidor, etc. Anaya,
Fecha de publicación, distribución, etc. 1970.
300 ## - DESCRIPCIÓN FÍSICA
Extensión 413 p. ;
Dimensiones 19 cm.
600 10 - PUNTO DE ACCESO ADICIONAL DE MATERIA--NOMBRE DE PERSONA
Nombre de persona LEÓN, LUIS DE,,
Fechas asociadas al nombre 1527-1591
Subdivisión general CRÍTICA E INTERPRETACIÓN
9 (RLIN) 8686
650 #4 - PUNTO DE ACCESO ADICIONAL DE MATERIA--TÉRMINO DE MATERIA
Término de materia o nombre geográfico como elemento de entrada Poesía española
Subdivisión general Historia y crítica
9 (RLIN) 8687
650 #4 - PUNTO DE ACCESO ADICIONAL DE MATERIA--TÉRMINO DE MATERIA
Término de materia o nombre geográfico como elemento de entrada Literatura española
Subdivisión cronológica SIGLO XVI
9 (RLIN) 8688
700 1# - PUNTO DE ACCESO ADICIONAL--NOMBRE DE PERSONA
Nombre de persona Macrí, Oreste.
Fechas asociadas al nombre 1913-1998
Término indicativo de función/relación ed.
9 (RLIN) 8689
910 ## - DATOS DE OPCIÓN DEL USUARIO (OCLC)
Datos de opción del usuario Catalogación por copia / LC
Holdings
Estado de retiro Estado de pérdida Restricciones de uso No para préstamo Código de colección Localización permanente Ubicación/localización actual Ubicación en estantería Fecha de adquisición Número de inventario Total de préstamos Signatura topográfica completa Código de barras Fecha visto por última vez Precio válido a partir de Tipo de ítem Koha
    Préstamo interno   Monografías: Libros y Folletos General General En catalogación 17.07.2009 LF1   861.3 L579p 2757-10 25.06.2020 25.06.2020 Préstamo interno

Powered by Koha